MAASAI MARA UNIVERSITY

LIBRARY CATALOGUE

Contact Us: +254 020 2685356/7 or 0774 057787

Box: 861-20500, NAROK, KENYA

Email: info@mmarau.ac.ke

Media circus : (Record no. 25003)

MARC details
000 -LEADER
fixed length control field 01079cam a2200289 a 4500
001 - CONTROL NUMBER
control field 4431209
003 - CONTROL NUMBER IDENTIFIER
control field OSt
005 - DATE AND TIME OF LATEST TRANSACTION
control field 20210528141536.0
008 - FIXED-LENGTH DATA ELEMENTS--GENERAL INFORMATION
fixed length control field 940112s1994 nyu b 001 0 eng
010 ## - LIBRARY OF CONGRESS CONTROL NUMBER
LC control number 94001063
020 ## - INTERNATIONAL STANDARD BOOK NUMBER
International Standard Book Number 0812963563 (pbk.) :
Terms of availability $14.00 ($18.95 Can.)
040 ## - CATALOGING SOURCE
Original cataloging agency MMU
Transcribing agency MMU
Modifying agency MMU
Language of cataloging eng
043 ## - GEOGRAPHIC AREA CODE
Geographic area code n-us---
050 00 - LIBRARY OF CONGRESS CALL NUMBER
Classification number PN4867
Item number .K86 1994
082 00 - DEWEY DECIMAL CLASSIFICATION NUMBER
Classification number 071/.3
Edition number 20
100 1# - MAIN ENTRY--PERSONAL NAME
Personal name Kurtz, Howard,
Dates associated with a name 1953-
245 10 - TITLE STATEMENT
Title Media circus :
Remainder of title the trouble with America's newspapers /
Statement of responsibility, etc. Howard Kurtz.
250 ## - EDITION STATEMENT
Edition statement 1st paperback ed.
260 ## - PUBLICATION, DISTRIBUTION, ETC. (IMPRINT)
Place of publication, distribution, etc. New York :
Name of publisher, distributor, etc. Times Books,
Date of publication, distribution, etc. c1994.
300 ## - PHYSICAL DESCRIPTION
Extent 434 p. ;
Dimensions 21 cm.
500 ## - GENERAL NOTE
General note Includes bibliographical references (p. 391-411) and index.
650 #0 - SUBJECT ADDED ENTRY--TOPICAL TERM
Topical term or geographic name as entry element Journalism
Geographic subdivision United States
General subdivision History
Chronological subdivision 20th century.
650 #0 - SUBJECT ADDED ENTRY--TOPICAL TERM
Topical term or geographic name as entry element Journalistic ethics
Geographic subdivision United States
General subdivision History
Chronological subdivision 20th century.
856 42 - ELECTRONIC LOCATION AND ACCESS
Materials specified Contributor biographical information
Uniform Resource Identifier <a href="http://www.loc.gov/catdir/bios/random057/94001063.html">http://www.loc.gov/catdir/bios/random057/94001063.html</a>
856 42 - ELECTRONIC LOCATION AND ACCESS
Materials specified Publisher description
Uniform Resource Identifier <a href="http://www.loc.gov/catdir/description/random046/94001063.html">http://www.loc.gov/catdir/description/random046/94001063.html</a>
942 ## - ADDED ENTRY ELEMENTS (KOHA)
Source of classification or shelving scheme Library of Congress Classification
Koha item type L
Holdings
Withdrawn status Lost status Source of classification or shelving scheme Damaged status Not for loan Home library Current library Date acquired Source of acquisition Total Checkouts Full call number Barcode Date last seen Price effective from Koha item type
    Library of Congress Classification     Maasai Mara University Library -Main Campus Maasai Mara University Library -Main Campus 03/16/2017 Donation-T4C   PN4867.K86 1994 17028049 03/16/2017 03/16/2017 L
© 2016 Maasai Mara University.